00302nam a2200121Ia 4500003000400000005001700004008004100021020002100062040002700083100002100110245002100131260002800152OSt20240311143137.0170523s9999 xx 000 0 und d a 978-8126510894  cIIMT UNIVERSITY MEERUT aResnik- Halliday 0aPhysics Volume-2 aNew Delhi : Wiley India